000 00712nam a2200193Ia 4500
001 8035
003 GE_BSU
008 181216s||||||||xx |||||||||||||| ||und||
040 _cGE_BSU
245 _aПрограммирование на С/С++ №9(117). Сентябрь.2013
245 _bЖурнал для профессионалов.
260 _aМосква
260 _bИнфопресс
260 _c2013
300 _a23ст,29см.
520 _aЕжемесячное издание для разработчиков приложениий и программных компонентов на языках С/С++.
653 _aПрограммирование на С/С++
942 _cCR
999 _c41374
_d41374